00676nam a2200217Ia 450000500170000000800410001702000180005804100080007608200150008410000220009924500170012125000110013826000330014930000090018250000280019165000360021970000220025594200070027799900170028495201570030120251121151334.0230125s9999 xx 000 0 und d a9780553277371 aeng a158.1bTOF aToffler A9214929 aFuture shock aEd.1st c1971bBantam booksaNew York a561p aPersonality Development aPersonality Development9213420 aToffler A9214929 cDB c94350d94350 00104070aHIMRbHIMRd2016-12-13eDonated Book- Outside Donarg1.00o158.1 TOF DB2706pHIMR-DB-2706r2023-01-25 00:00:00v1.00w2023-01-25yDBzDB2706